000 00479nam a2200157Ia 4500
008 240729s9999 xx 000 0 und d
022 _a2582-6255
245 0 _aIntegrative Medicine Case Reports
260 _aIndia
260 _bSwami Paramhansa Swastha Shiksha Avam Paryavaran Sanrakshan Samsthana (SPSS
650 _a Other systems of medicine
650 _aMedicine
856 _uhttps://doaj.org/toc/4c99490b50164fac8c9b718ed3e7265c
942 _2ddc
942 _cDOAJEJ
999 _c68996
_d68996
945 _a1
_bMadushi Gamage
_c1
_dMadushi Gamage